000
00273nam a2200133Ia 4500
100
_a
Nicopolitidis/P
942
_c
BK
654
_a
wireless
245
_a
Wireless Networks
260
_b
John Wiley
_c
2003
082
_a
621.381
_b
NIC
300
_a
405
546
_a
ENGLISH
999
_c
20902
_d
20902